| 000 | 00792nam a22002057a 4500 | ||
|---|---|---|---|
| 999 |
_c4402 _d4402 |
||
| 003 | AR-CdUCM | ||
| 008 | 190308b ||||| |||| 00| 0 spa d | ||
| 040 |
_aMUNICIPALIDAD PROVINCIAL DEL CUSCO _cBIBLIOTECA MUNICIPAL DEL CUSCO |
||
| 082 |
_22ed. _a860.9 / _bS18 |
||
| 100 |
_aSalinas , Pedro _913884 |
||
| 245 | _aLiteratura española siglo XX / | ||
| 260 |
_aMadrid : _bAlianza, _c1972. |
||
| 300 |
_a223 páginas ; _c17 cm. |
||
| 505 | _aContenido: El problema del modernismo en España, o un conflicto entre dos espíritus -- El concepto de generación literaria aplicado a la del 98 -- El signo de la literatura española del siglo XX... | ||
| 650 |
_aLiteratura española _9362 |
||
| 650 |
_aHistoria y crítica _95993 |
||
| 650 |
_aSiglo XX _98 |
||
| 942 |
_2ddc _cLIBROS |
||
| 945 | _adavv | ||